[Event "RUS-ch 56th"]
[Site "Krasnoyarsk"]
[Date "2003.09.12"]
[Round "9"]
[White "Alekseev, Evgeny V"]
[Black "Jakovenko, Dmitrij"]
[Result "1/2-1/2"]
[WhiteElo "2613"]
[BlackElo "2564"]
[Annotator "Erenburg,S"]
[PlyCount "127"]
[EventDate "2003.09.03"]
[EventType "swiss"]
[EventRounds "9"]
[EventCountry "RUS"]
[SourceTitle "CBM 098"]
[Source "ChessBase"]
[SourceDate "2004.02.03"]
[SourceVersion "1"]
[SourceVersionDate "2004.02.03"]
[SourceQuality "1"]

1. e4 c5 2. Nf3 Nc6 3. Bb5 g6 4. O-O Bg7 5. c3 {Other theoretical
possibilities:} (5. Re1 {1-0 Gelfand,B-Van Wely,L/Plovdiv 2003/CBM 98/
[Erenburg] (56)}) (5. Bxc6) 5... Nf6 6. Re1 {White has other ways to fight for
an advantage:} (6. Qa4 $5 {[%cal Yd2d4] 1/2-1/2 Svidler,P-Gelfand,B/Rethymnon
2003/CBM 98/[Erenburg] (30)}) (6. e5 {0-1 Vydeslaver,A-Fressinet,L/Rethymnon
2003/CBM 98/[Erenburg] (40)}) 6... O-O 7. d4 {White wants to take control over
the centre as soon as possible, but he has another option:} (7. h3 {waiting
for black's actions. See 1-0 Akobian,V-Kretchetov,A/Los Angeles 2003/CBM 97_01/
[Erenburg] (39)}) 7... cxd4 {Another popular continuation is} (7... d5 {
1-0 Rozentalis,E-Nataf,I/Montreal 2003/CBM 97_01/[Erenburg] (29)}) 8. cxd4 d5
9. e5 Ne4 10. Bxc6 bxc6 11. Nbd2 Bf5 {In my opinion, more principal is the
attempt of opening the game by} (11... c5 {1-0 Rozentalis,E-Nataf,I/Montreal
2003/CBM 97_01/[Erenburg] (29)}) 12. Nh4 {Probably other continuations don't
promise anything:} (12. Nb3 a5 13. Be3 a4 14. Nc1 a3 15. bxa3 Rxa3 16. h3 Qa8
17. Nd2 c5 $15 {0-1 Akopian,V-Kasparov,G/Internet ICC 1998/EXT 2003 (32)}) (12.
Nf1 f6 13. exf6 exf6 14. N3d2 a5 15. f3 Nxd2 16. Bxd2 Bd3 17. Bxa5 Qxa5 18.
Qxd3 Qb6 $11 {0-1 Kveinys,A-Zezulkin,J/Zakopane 2000/CBM 78 ext (51)}) 12...
Be6 {The attack of white's centre seems again interesting:} (12... c5 13. Nxf5
gxf5 14. Qh5 cxd4 15. Qxf5 e6 16. Qf4 f5 17. f3 Nxd2 18. Bxd2 Qb6 19. a3 a5 20.
b4 a4 21. Rac1 Rfc8 {1/2-1/2 Oral,T-Grigore,G/Istanbul 2000/EXT 2001 (21)}) 13.
Nb3 g5 $6 {Aggressive and responsible decision, as it usually dangerous to
push forward the pawns from the king. I think, more logical is} (13... a5 14.
a4 c5 15. Nxc5 Nxc5 16. dxc5 Qc7 $11 {1/2-1/2 Oral,T-Lanka,Z/CZE 2000/EXT 2002
(54)}) 14. f3 $146 {This continuation seems like an improvement in comparison
to} (14. Nf3 f6 15. Be3 g4 16. exf6 gxf3 $2 (16... exf6 $142) 17. fxg7 Rf6 18.
Nc5 (18. gxf3 $16) 18... Qc8 19. Nxe6 $2 Qxe6 20. gxf3 $4 Qh3 21. Kh1 Rh6 {
0-1 Gusev,V-Korsunsky,R/Novosibirsk 1986/EXT 2000 (21)}) 14... gxh4 15. fxe4 h3
({After} 15... dxe4 16. Nc5 Bf5 17. Be3 $1 {[%cal Gd1h5] the position is
similar to the game.}) 16. Nc5 hxg2 17. Be3 Kh8 {preparing to put the rook on
the "g" line, thus to neutralize white's initiative.} ({Comes to consideration:
} 17... Qc8 $1 18. Qh5 f6) 18. Qh5 dxe4 ({Again deserves attention:} 18... Qc8
{with idea of breakthrough f7-f6.}) 19. Re2 Bd5 $6 {Black's pieces are very
passive. He should create a counterplay with} (19... Qd5 {preparing f7-f6. For
example:} 20. Rxg2 f6 21. Rf1 fxe5 22. Rxg7 Rxf1+ 23. Kxf1 Kxg7 24. Qh6+ Kf7
25. Qxh7+ Ke8 26. Nxe6 Qxe6 27. Qh8+ Kf7 28. Qh7+ $11 (28. Qxa8 Qh3+ 29. Ke2
exd4 $17)) 20. Rxg2 f5 $6 {loses the pawn. On the other hand, black's
situation isn't a piece of cake. For instance, after} (20... Rg8 21. Kh1 $1 $36
{[%cal Ga1g1,Gg2g3,Gg3h3] white has a very dangerous initiative.}) 21. Rf1 $40
({White could win the pawn after} 21. Qg5 Rg8 22. Qxf5 Qb6 $14 {, but here
black succeeds to activate his pieces.}) 21... Qe8 (21... e6 22. Rf4 Qe8 (22...
Qa5 23. Rg3) 23. Qh3 Rf7 24. Rh4 {-the game.}) 22. Qh3 (22. Qg5 {seems strong
as well:} Qg6 (22... Rg8 23. Qxf5) (22... Qf7 23. Rxf5) 23. Qxe7 Qf7 24. Qg5
$16 {[%cal Gf1f5]}) 22... e6 23. Rf4 {All the white pieces are extremely
active and take part in attack on the black monarch.} Rf7 24. Rh4 Qg8 $2 {
too passive. Probably better was} (24... Bf8 25. b3 Be7 26. Rh6 $36) 25. Bf4 {
fixing black's pawn on f5. Actually white builds a new construction with Q on
e3.} Rb8 26. b3 Rb4 (26... e3 27. Rg5 $16) 27. Qe3 Rb8 (27... Qd8 28. Rh5 $40)
28. Rg5 a5 29. Kf2 {White doesn't hurry to act immediately, but improves the
positions of his pieces.} Rb4 30. a3 {driving away the rook, thus, liberating
the queen for transfer to kingside.} Rb8 31. Qh3 Re8 32. Ke2 Rc8 33. Ke1 Re8
34. Rg6 Ref8 35. Rh5 Rb8 36. Ke2 Re8 37. Ke1 {Black is paralized and has to
play a passive defence. Meanwhile, white gets time to think how to break
black's defence.} Rb8 38. Kd2 Re8 39. Rgg5 Rb8 40. Rg6 Re8 41. Qh4 {Probably
white found the way to improve his position. Now he threats to play either
Rg6-g3-h3 or Bf4-g5-f6.} Rb8 42. Bg5 {missing a winning way:} (42. Rg3 $1 $18 {
[%cal Gh5g5,Gg3h3]} Ra8 43. Rh3 $1 Bf8 44. Bg5 $18) 42... Ra8 43. Bf6 Raa7 44.
Ke3 Rac7 ({In case of} 44... Rf8 {white continues the attack:} 45. Rg3 (45.
Rxh7+ Qxh7 46. Rh6 Bxf6 47. exf6 Rg8) 45... Rff7 46. Rhg5 $40) 45. Kf4 Ra7 46.
h3 $2 (46. Rxh7+ {wins on the spot:} Qxh7 47. Rh6 $18) 46... Rac7 $2 {Black
misses his chance to get a counterplay:} (46... Rxf6 $1 47. exf6 (47. Rxf6 Bxf6
48. Qxf6+ Qg7 49. Rg5 Qxf6 50. exf6 Rf7 51. Ke5 f4 {with chances for a draw.})
47... Qb8+ $11 48. Ke3 Bf8 {[%cal Gf8c5]} 49. Rg7 Rxg7 50. fxg7+ Bxg7 $13) 47.
Rhg5 Qf8 48. Nxe6 $2 {missing much more attractive continuation:} (48. Rxg7 $1
Rxg7 49. Qh6 e3 (49... Rcf7 50. Rxg7 Rxg7 51. Nxe6 Bxe6 52. Bxg7+ Qxg7 53. Qxe6
$18) 50. Kxe3 Rcf7 51. Nd3 $1 Kg8 (51... Bxb3 52. Nf4 Kg8 53. Nh5 $18) 52. b4
axb4 53. Nxb4 (53. Bxg7 Rxg7 54. Nxb4 $18) 53... Rxf6 54. exf6 Rxg5 55. Qxg5+
Kf7 56. Nd3 $18) 48... Bxe6 49. Bxg7+ Rxg7 50. Rxe6 Rxg5 51. Qxg5 Rd7 52. Qf6+
Kg8 ({Black cannot trade the queens:} 52... Qxf6 53. exf6 Kg8 54. Kxf5 $18) 53.
Rxc6 Rxd4 54. Qe6+ Qf7 ({Black loses after} 54... Kh8 55. Rc8 Rd8 56. Rxd8 Qxd8
57. Qf6+ Qxf6 58. exf6 Kg8 59. b4 $18) 55. Qc8+ $2 {Again white misses quite
simple way for a victory:} (55. Rc8+ Kg7 56. Qb6 $1 Qe7 57. Rc7 Rd7 58. Qf6+
$18) 55... Qf8 56. Qe6+ Qf7 57. Qc8+ (57. Rc8+ $142) 57... Qf8 58. Qxf8+ Kxf8
59. e6 ({White doesn't get anything after} 59. Rf6+ Ke7 60. Rxf5 e3+ 61. Kxe3
Rh4) 59... Rd5 $2 ({Better was} 59... Rd3 60. Kxf5 (60. Ke5 Rxh3 61. Kf6 Rh6+
62. Kxf5 {[%cal Ge6e7]} Ke7 63. Rc7+ Kd8 64. e7+ Ke8 65. Kxe4 Rb6 $11) 60...
Rxh3 (60... Rxb3 61. Rc8+ Ke7 62. Rc7+ Ke8 63. Rxh7 $18) 61. Rc8+ Ke7 62. Rc7+
Ke8 63. Kxe4 Rxb3 $11) 60. Rc7 h6 61. a4 $2 ({White has good chances after} 61.
Rh7 $16) 61... Ke8 ({Worse is} 61... e3 62. Rf7+ Ke8 63. Kxe3 Re5+ 64. Kd4 Rxe6
65. Rxf5 $18) 62. Rb7 ({Black succeeds to get a draw after} 62. Rh7 e3 63. Kxe3
Re5+ 64. Kf4 Rxe6 65. Kxf5 (65. Rb7 Re4+ 66. Kxf5 Rh4 67. b4 Rxb4 68. Rxb4 axb4
69. Ke4 Kd7 70. Kd4 Kc6 71. Kc4 Kb6 72. Kxb4 h5 73. h4 Ka6 74. Kc5 Ka5 75. Kd5
Kxa4 76. Ke5 Kb5 77. Kf5 Kc6 78. Kg5 Kd7 79. Kxh5 Ke8 80. Kg6 Kf8 $11) 65...
Rb6 $11) 62... Rd3 63. Rb5 e3 (63... Ke7 {strong enough as well:} 64. Kxf5 (64.
Ke5 e3 65. Rb7+ Ke8 66. Kf6 e2) 64... e3 $11) 64. Kf3 (64. Kf3 f4 65. Rxa5 Rxb3
66. Kxf4 e2 67. Re5 Rxh3 68. Rxe2 Rh4+ $11) (64. Rxa5 Rxb3 65. Re5 $18) 1/2-1/2

[Event "Los Angeles"]
[Site "Los Angeles"]
[Date "2003.08.24"]
[Round "7"]
[White "Akobian, Varuzhan"]
[Black "Kretchetov, Alexandre"]
[Result "1-0"]
[WhiteElo "2533"]
[BlackElo "2335"]
[Annotator "Erenburg,S"]
[PlyCount "77"]
[EventDate "2003.08.18"]
[EventType "tourn"]
[EventRounds "9"]
[EventCountry "USA"]
[EventCategory "10"]
[SourceTitle "CBM 097"]
[Source "ChessBase"]
[SourceDate "2003.11.11"]
[SourceVersion "1"]
[SourceVersionDate "2003.11.11"]
[SourceQuality "1"]

1. e4 c5 2. Nf3 Nc6 3. Bb5 g6 4. O-O (4. Bxc6 {is another theoretical line.})
4... Bg7 5. Re1 Nf6 6. c3 O-O 7. h3 e5 8. a3 {Rare continuation, whose idea is
to provide b2-b4, but not to define the pawn structure in the centre yet. More
popular are the following possibilities:} (8. d3 d6 9. Na3 (9. Nbd2 Bd7 10. a3
Ne8 $1 11. Nf1 h6 12. g4 $6 f5 $15 {0-1 Kristjansson,S-McShane,L/Selfoss 2002/
CBM 92 no vc (27)}) 9... Bd7 10. Bd2 a6 11. Ba4 b5 12. Bb3 h6 13. Qc1 Kh7 $11 {
0-1 Kveinys,A-McShane,L/Germany 2002/CBM 88/[McShane] (69)}) (8. d4 {1-0
Kazhgaleyev,M-Kozul,Z/Luzern 1997/CBM 62/[Yakovich] (65)}) 8... a6 {One of the
possible attempts to prevent white's breakthrough in the center. Black has
tried also} (8... Ne8 9. b4 Nc7 10. Bf1 d6 11. d3 Ne6 12. Nbd2 Bd7 13. Bb2 Qc7
14. Rc1 b6 $13 {1-0 Shabalov,A-Echavarria,J/Cali 2001/CBM 83 ext (31)}) (8...
d6 9. b4 Bd7 10. d3 Re8 11. Nbd2 a6 12. Bc4 b5 $11 {1-0 Jansa,V-Klima,L/9th
Open, Pilsen-Lobzy CZE 2003 (28)}) 9. Bxc6 dxc6 10. d3 {I think, that white
didn't get anything special from the opening. Maybe white's pawn structure
looks better, but as compensation for it, black has the open line "d" and a
pair of bishops. In this particular position black's light-squared bishop will
feel quite comfortable on e6, also, it will be very difficult for white to
develop the initiative, which is connected with the breakthrough d3-d4.} ({
It is dubious to take the e5 pawn.} 10. Nxe5 Re8 11. f4 (11. d4 cxd4 12. cxd4
Nxe4 $15) 11... Nh5 12. d3 Qh4 $132) 10... Re8 $146 {According to my database,
this position appeared for the first time. In the previous games black tried
the following continuations:} (10... Qc7 {1-0 Short,N-Pierrot,F/Buenos Aires
2000/CBM 80/[Gershon] (37)}) ({Comes to consideration} 10... Qe7 11. Be3 $140
c4) ({as well as} 10... Qd6 {, which seems to me the most logical.} 11. d4 $140
cxd4 12. cxd4 Rd8) 11. Qc2 {preparing to develop the queenside' knight to d2.}
Nh5 $6 ({More normal is} 11... Qd6 $5 12. Be3 Be6) (11... a5 {preventing
white's b2-b4.}) 12. Bg5 {In my opinion, better was} (12. Be3 Qd6 (12... b6 13.
b4 $14) 13. Nbd2 Be6 14. Nc4 $14) 12... Qd6 13. Nbd2 h6 $6 {White's bishop is
out of the game, he doesn't disturb black at all, when it is located on g5. So
why to improve its position?} (13... b5 {preventing the occupation of c4
square by the knight.}) 14. Be3 Nf4 (14... b5 15. Nb3 $16) (14... Rd8 15. Nc4
Qxd3 16. Qxd3 Rxd3 17. Nfxe5 $18) (14... Be6 15. Nc4 $14) 15. Bxf4 exf4 16. e5
$1 {This move allows white to occupy some important squares in the centre, as
well as this move limites the possibilities of black's dark-squared bishop.}
Qc7 $6 {It was better to keep the c5 pawn defended.} (16... Qe7 17. Ne4 Be6 18.
b4 $1 cxb4 19. axb4 $16) 17. Ne4 $16 {White's advantage is quite obvious. He
has got a space advantage, his pieces are located better. Overmore, black has
some weaknesses...} Bf5 {Black is going to sacrifise the exchange, hoping to
get some compensation, thanks to his a pair of bishops.} (17... Bxe5 18. Nf6+
$18) (17... Re7 18. Nxc5 b6 19. Ne4 Bxe5 20. Nxe5 Qxe5 (20... Rxe5 21. Nf6+ $16
) 21. Qb3 $16) (17... b6 18. b4 $16) 18. Nd6 Rxe5 19. Nxe5 Qxd6 20. Nc4 Qc7 ({
Worse is} 20... Qxd3 21. Qxd3 Bxd3 22. Nb6 Rd8 (22... Rf8 23. Nd7 $16) 23. Rad1
$16) 21. Nd2 $1 {transfering the knight to e4, thus, neutralizing black's
pressure on the d3 pawn.} Qd7 22. Ne4 f3 {Black finds to create some
initiative, trying to weaken the position of black monarch.} 23. Re3 ({Even
stronger was} 23. Nxc5 Qd5 24. Ne4 fxg2 25. Re3 Bd7 26. f4 $1 f5 27. Ng3 $16)
23... fxg2 24. Kxg2 $6 (24. Nxc5 {-see 23.Nxc5 variation.}) 24... b6 25. Rae1
Be6 {[%cal Ye6d5] transfering the light-squared bishop to the big diagonal.}
26. Qe2 {White succeeded to consolidate all his pieces. Now he is going to
invade into black's camp via the "e" file.} Bd5 27. Kg1 Rf8 (27... f5 28. Nd2
$16 {[%cal Ge3e8]}) 28. Nd2 Be6 (28... Qd8 $5) 29. Qf3 Bd5 30. Qg3 Be6 31. Nc4
Qb7 $2 {After this move, white gets the possibility to destroy the black's
position.} ({More resistant is} 31... Kh7 $16 32. Nxb6 $140 $6 Qb7 33. Na4 $2
Qb5) 32. Rxe6 $1 fxe6 33. Qxg6 $18 {Black is hopeless against white's
initiative. White is going to take the "e" pawn, afterware, he can trade the
queens, getting the winning endgame.} Rf6 (33... Qf7 34. Qxe6 $18) 34. Qe8+ Bf8
({Doesn't help:} 34... Rf8 35. Qxe6+ Kh7 36. Nd6 Qc7 37. Qe7 $18) 35. Rxe6 Qg7+
36. Kf1 b5 37. Ne5 {[%cal Ge5d7]} Qg5 38. Rxf6 Qxf6 39. Nd7 {with winning PP
endgame.} 1-0

[Event "EU-chT (Men) 14th"]
[Site "Plovdiv"]
[Date "2003.10.17"]
[Round "6.1"]
[White "Gelfand, Boris"]
[Black "Van Wely, Loek"]
[Result "1-0"]
[WhiteElo "2703"]
[BlackElo "2654"]
[Annotator "Erenburg,S"]
[PlyCount "111"]
[EventDate "2003.10.10"]
[EventType "team-swiss"]
[EventRounds "9"]
[EventCountry "BUL"]
[SourceTitle "CBM 098"]
[Source "ChessBase"]
[SourceDate "2004.02.03"]
[SourceVersion "1"]
[SourceVersionDate "2004.02.03"]
[SourceQuality "1"]
[WhiteTeam "Israel"]
[BlackTeam "Netherlands"]
[WhiteTeamCountry "ISR"]
[BlackTeamCountry "NED"]

1. e4 c5 2. Nf3 Nc6 3. Bb5 g6 4. O-O Bg7 5. Re1 e5 6. Bxc6 ({Another popular
continuation is} 6. c3) 6... dxc6 7. d3 Qe7 (7... Bg4) 8. Nbd2 {White tried
also} (8. a3 a5 (8... Nf6 9. b4 Nd7 10. Nbd2 O-O 11. Bb2 (11. bxc5 Nxc5 12. a4
Rd8 13. Ba3 Be6 14. Qe2 f6 15. c3 $18 {King,D-Klundt,K/Kecskemet 1988}) 11...
Rd8 12. Nc4 Nb6 13. Na5 Na4 14. Bc1 Qc7 $13 {Timman,J-Reinderman,D/Wijk aan
Zee 1999}) 9. a4 Nf6 10. Na3 O-O 11. Nc4 Nh5 12. Bd2 Qc7 13. Be3 b6 14. b4 b5
15. axb5 cxb5 16. Rxa5 Rxa5 17. Nxa5 cxb4 18. Nb3 Bg4 $15 {0-1 Svetushkin,
D-Sorokin,M/Anibal Open, Linares ESP 1999 (29)}) (8. a4 Nf6 9. Nbd2 O-O 10. Nc4
Ne8 11. Be3 Nc7 12. h3 f6 13. Qc1 Be6 14. b3 $14 {Van der Wiel,J-Van der Weide,
K/NLD-chT 1996/EXT 99}) 8... Nf6 9. Nc4 Nd7 10. Bd2 {transfering the bishop to
c3, and, at the same time preparing the breakthrough b2-b4. White has the
following possibilities as well:} (10. c3 O-O 11. a4 Rd8 12. a5 Nf8 13. b3 Rb8
14. h3 Qc7 15. Qc2 Ne6 16. Be3 b5 17. Ncd2 Qd6 18. Rad1 Qxd3 19. Qc1 Qd6 20.
Nc4 Qc7 21. Rxd8+ Nxd8 22. Ncxe5 $1 $36 {1-0 Campora,D-Estremera Panos,S/
Santiago 1995/EXT 98 (32)}) (10. Bg5 f6 11. Be3 Nf8 12. a3 Bg4 13. b4 Ne6 14.
bxc5 Nxc5 15. Na5 Ne6 16. Qb1 $14 {1/2-1/2 Movsesian,S-Babula,V/Olomouc 1997/
CBM 61 (42)}) (10. a4 Nb6 11. Na5 O-O 12. b3 Nd7 13. Nc4 Rd8 14. Ba3 Nf8 15.
Qd2 Bg4 16. Qe3 b6 {1/2-1/2 Anand,V-Kramnik,V/Dortmund 1996}) 10... O-O 11. a3
b6 {Another possibility is} (11... Rd8 {1-0 Speelman,J-David,A/Mondariz 2000/
CBM 79/[Finkel,A] (36)}) 12. Bc3 a5 13. a4 $1 {Very strong move, which fixes
black's pawns on the queenside.} (13. Qd2 $2 a4 $1) 13... Ba6 14. b3 Rfb8 $146
{According to my database, this position appeared for the first time. In the
previous Gelfand's game, black continued} (14... Bxc4 {0-1 Gelfand,B-Radjabov,
T/Enghien les Bains FRA 2003/[Postny] (37)}) 15. g3 {Useful move. Black hasn't
any plan, so white can play slowly. He prepares to develop the initiative on
both flanks.} Bxc4 16. bxc4 Nf8 {transfering the knight to e6.} 17. Qc1 $1 {
White improves the position of his queen, transfering it to b2 square.} Qc7 ({
Maybe d6 is better location for a queen. Anyways, it doesn't change so much
the evaluation of the position.} 17... Qd6 $5) 18. Qb2 f6 19. Ra3 {Now white
is ready to occupy the "b' file with all his heavy pieces, thus, putting the
pressure on the weak b6 pawn.} Ne6 20. Rb3 Bf8 {Black prepares to occupy the
c5 square with his bishop, after a trade on d4.} (20... Nd4 21. Bxd4 cxd4 22.
Rb1 Ra6 23. c5 $16) 21. Rb1 Ra6 22. Qc1 Bd6 ({Black doesn't equalize after} 
22... Nd4 23. Nxd4 (23. Bxd4 cxd4 24. c3 dxc3 25. Qxc3 (25. c5) 25... Bb4 $15)
23... cxd4 24. Bd2 Bc5 25. c3 Qf7 (25... dxc3 26. Qxc3 {[%cal Gd2e3]}) 26. cxd4
exd4 (26... Bxd4 27. Be3) 27. Qd1 $14) 23. Qf1 $1 {robbing from black the
resourse of Nd4, and, at the same time, preparing to transfer the queen to h3.}
Qd7 (23... Nd4 24. Bxd4 cxd4 25. c3 dxc3 26. c5 c2 (26... Bxc5 27. d4) 27. Rc1
Qf7 (27... bxc5 28. Rxb8+ Qxb8 29. Nd2 $1 Qb4 30. Nc4 Bf8 31. Rxc2 Qxa4 32. Rb2
{and black plays without queen!!!}) 28. Nd2 bxc5 29. Rxb8+ Bxb8 30. Nc4 $16)
24. h4 h5 ({Quite dubious is} 24... Nd4 {in view of} 25. Bxd4 (25. Nxd4 cxd4
26. Bd2 Bc5) 25... cxd4 26. c3 $1 dxc3 27. c5 $1 {[%cal Gf1a6]}) 25. Qh3 $1 Bc7
26. Bd2 Rd8 27. Kh1 Kh7 {Black plays, as if white hasn't any plan. It was
necessary to put at some moment the knight on d4.} (27... Nd4 28. Qxd7 Rxd7 29.
Nxd4 cxd4 30. f4 $14) 28. Rg1 $1 {Now white is ready to open the "second
front" on the kingside with the breakthrough g3-g4.} Raa8 $2 ({It wasn't too
late to play} 28... Nd4 29. Qxd7+ Rxd7 30. Nxd4 cxd4 31. g4 $14) 29. g4 $36 Ng7
(29... Nd4 30. Nxd4 cxd4 31. Qf3 $36) 30. Kh2 hxg4 31. Rxg4 Nh5 32. Rb1 Rg8 33.
Rbg1 $16 {White's domination is near to absolute. All his pieces located much
better, than black's ones. Black's position isn't lost yet, but it is
extremely difficult to defend such type of positions.} Bd6 34. Qg2 Qf7 35. Rg5
{White doesn't hurry with drastic measures, but waits for black's mistake, and,
at the same time, searches the best plan of improving the position.} Be7 36.
Rg4 Bf8 37. Rb1 Ra6 38. Ng1 {White is going to transfer his knight to e2 and
afterware to provide the breakthrough f2-f4.} Bh6 {It is easy to understand
black, who suffers from lack of space and wants to exchange his passive bishop.
But, after this trade, the dark squares in black camp will be weak, and the
position of black monarch will be vulnerable.} 39. Bxh6 Kxh6 40. Nh3 $1 {
The next stage is to provide the breakthrough f2-f4, and afterware to put
pressure with the heavy pieces on the "g" and "f' files.} Kh7 41. Kh1 $1 {
White doesn't hurry and plays good prophylactic move, thus robbing from black
the resourse of Qc7.} Rg7 (41... Qc7 42. Rg1 Qg7 43. f4 $40) 42. f4 exf4 43.
Nxf4 Nxf4 44. Rxf4 $18 Ra8 {Other continuations don't change the evaluation:} (
44... g5 45. hxg5 Qh5+ (45... Rxg5 46. Qxg5) 46. Qh2 Qxh2+ 47. Kxh2 fxg5 48.
Rf8 $18) (44... Qe6 45. Qf3 Rf7 (45... f5 46. exf5 gxf5 47. Rxf5 $18) 46. Rg1
Ra8 47. Rf5 $1 $18 {[%cal Gf3h5]}) 45. Qf2 {Now black loses the material.} ({
Only not} 45. Rxb6 $4 Qc7) 45... Rf8 46. Rxb6 Qc7 47. Rb1 Qe5 48. h5 $1 {
White's pieces are much more active, therefore he has a possibility to finish
the game with the attack.} (48. Rf1 Rgf7 49. h5 $18) 48... gxh5 (48... Kg8 49.
hxg6 Rxg6 50. Rf5 (50. Rh4 {strong enough as well.}) 50... Rh6+ 51. Kg1 Qc7 52.
Qf4 $18) 49. Rf5 Qe8 50. Qxc5 Kh6 51. Rbf1 Qg6 52. Qe3+ Kh7 53. Qh3 Kh6 54. e5
{Black is hopeless against white's threats, so white's win is unavoidable.}
Rgf7 55. Qe3+ Kh7 56. Qf3 {It was a very important victory of Israeli's first
board, which helped the team to win silver medals!!!} 1-0